000 00629nam a2200217Ii 4500
003 JO-AjNU
008 230605s9999||||xx |||||||||||||| ||und||
017 _a2006/2/373
020 _a9957-02-228-8
040 _aJO-AjNU
_bara
_erda
_cJO-AjNU
041 _aara
050 1 4 _aJC57.2006
100 3 _aأبوعين ،كوثر محمود,
_eauthor
_921540
245 0 0 _aحقوق الانسان : دراسة مقارنة
250 _aط1
264 3 1 _aعمان : دار مجدلاوي ،2006
300 _a63ص
336 _atext
_btxt
_2rdacontent
337 _aunmediated
_bn
_2rdamedia
338 _avolume
_bnc
_2rdacarrier
999 _aA7499
_c11067
_d11067